[Event "ITA-ch U20"]
[Site "Tarvisio"]
[Date "2023.07.07"]
[Round "7"]
[White "Fargetta, Vittorio"]
[Black "Brunetti, Alessandro1111"]
[Result "1-0"]
[WhiteElo "1857"]
[BlackElo "1973"]
[PlyCount "76"]
[EventDate "2023.07.02"]
[EventType "swiss"]
[EventRounds "9"]
[EventCountry "ITA"]
[SourceTitle "EXT 2024"]
[Source "ChessBase"]
[SourceDate "2023.10.10"]
[SourceVersion "1"]
[SourceVersionDate "2023.10.10"]
[SourceQuality "1"]

1. e4 e6 2. d4 d5 3. e5 c5 4. c3 Nc6 5. Nf3 Qb6 6. Be2 cxd4 7. cxd4 Nge7 8. Na3 Nf5 9. Nc2 Be7 10. 0-0 0-0 11. Kh1 Bd7 12. g4 Nh4 13. Nxh4 Bxh4 14. g5 f6 15. gxf6 gxf6 16. Bd3 Bg5 17. f4 fxe5 18. fxg5 Rxf1+ 19. Bxf1 exd4 20. Bg2 Rf8 21. Ne1 Qb5 22. Nd3 Ne7 23. a4 Qb6 24. Bf4 Ng6 25. Bg3 Rf5 26. Qd2 Qd8 27. Nc5 Bc8 28. Qxd4 b6 29. Ne4 e5 30. Qd2 d4 31. Qc2 d3 32. Qc4+ Kg7 33. Rd1 Nf4 34. Bxf4 Rxf4 35. Rxd3 Qf8 36. Qc7+ Rf7 37. Qxe5+ Kg8 38. Nf6+ Kg7 1-0

[Event "ITA-ch U20"]
[Site "Tarvisio"]
[Date "2023.07.06"]
[Round "5"]
[White "Fargetta, Vittorio"]
[Black "Vommaro, Stanislao"]
[Result "0-1"]
[WhiteElo "1857"]
[BlackElo "1992"]
[PlyCount "44"]
[EventDate "2023.07.02"]
[EventType "swiss"]
[EventRounds "9"]
[EventCountry "ITA"]
[SourceTitle "EXT 2024"]
[Source "ChessBase"]
[SourceDate "2023.10.10"]
[SourceVersion "1"]
[SourceVersionDate "2023.10.10"]
[SourceQuality "1"]

1. e4 c5 2. Nc3 e6 3. g3 d5 4. d3 Nf6 5. Bg2 Nc6 6. Nh3 dxe4 7. Nxe4 Nxe4 8. dxe4 Qxd1+ 9. Kxd1 b6 10. c3 Ba6 11. Kc2 0-0-0 12. Rd1 Rxd1 13. Kxd1 Be7 14. Ke1 Ne5 15. f4 Nd3+ 16. Kd2 Rd8 17. Ng5 Nxf4+ 18. Ke3 Nxg2+ 19. Kf2 Rd1 20. Nf3 Ne1 21. Nxe1 Bg5 22. c4 Rxc1 0-1